000 00254nam a22001217a 4500
999 _c13266
_d13266
020 _a9789696374046
082 _a363
100 _aZubeida Mustafa
245 _aMy DAWN Years
260 _aPakistan
_bParamount
_c2018
300 _a227 pages
942 _cBK